[Event "XV Festival A"]
[Site "Cesenatico ITA"]
[Date "2011.09.06"]
[Round "4"]
[White "Raineri, Valerio"]
[Black "Stella, Andrea"]
[WhiteElo "2150"]
[BlackElo "2447"]
[Result "0-1"]
[PlyCount "78"]
[EventDate "2011.09.03"]

1. e4 c5 2. Nf3 d6 3. d4 cxd4 4. Nxd4 Nf6 5. Nc3 a6 6. Be3 e6 7. f3 b5 8. Qd2
Nbd7 9. g4 Nb6 10. Bd3 Bb7 11. O-O-O Rc8 12. Kb1 Be7 13. h4 Nfd7 14. g5 Ne5 15.
Qe1 Nbc4 16. Bc1 Qc7 17. Nce2 d5 18. Bf4 Bd6 19. Bg3 O-O 20. h5 Ne3 21. Rc1
Nxf3 22. Nxf3 dxe4 23. Bxd6 Qxd6 24. Ned4 Ng2 25. Qf2 exd3 26. cxd3 Bxf3 27.
Qxf3 Qxd4 28. Qxg2 Qxd3+ 29. Ka1 Qd5 30. Qg1 Rxc1+ 31. Qxc1 Qc4 32. Qxc4 bxc4
33. Rc1 h6 34. gxh6 gxh6 35. Rxc4 f5 36. Rc6 f4 37. b4 f3 38. Rc1 e5 39. Rf1 e4
0-1

[Event "XV Festival A"]
[Site "Cesenatico ITA"]
[Date "2011.09.06"]
[Round "4"]
[White "Roeder, Matthias"]
[Black "Korneev, Oleg"]
[WhiteElo "2398"]
[BlackElo "2580"]
[Result "1/2-1/2"]
[PlyCount "68"]
[EventDate "2011.09.03"]

1. Nf3 d5 2. d4 Nf6 3. c4 c6 4. cxd5 cxd5 5. Nc3 Nc6 6. Bf4 a6 7. e3 Bg4 8. Be2
e6 9. Ne5 Bxe2 10. Qxe2 Nxe5 11. Bxe5 Nd7 12. O-O Nxe5 13. dxe5 Be7 14. Rac1
O-O 15. Rc2 Rc8 16. Qd3 Rc6 17. Ne2 Rxc2 18. Qxc2 Qb8 19. f4 Rc8 20. Qd3 g6 21.
Qd2 Qa7 22. Rc1 Rc4 23. Rxc4 dxc4 24. Qd4 Qc5 25. Kf2 b5 26. a3 a5 27. Qxc5
Bxc5 28. Nc3 b4 29. axb4 Bxb4 30. Ke2 Kf8 31. Kd1 Ke7 32. Ne4 h6 33. Nf6 h5 34.
Ne4 Kd7 1/2-1/2

[Event "XV Festival A"]
[Site "Cesenatico ITA"]
[Date "2011.09.06"]
[Round "4"]
[White "Spornberger, Andre"]
[Black "Drei, Andrea"]
[WhiteElo "1926"]
[BlackElo "2260"]
[Result "0-1"]
[PlyCount "116"]
[EventDate "2011.09.03"]

1. e4 c5 2. Nc3 a6 3. f4 b5 4. g3 Bb7 5. Bg2 e6 6. d3 d5 7. Qe2 Nf6 8. e5 Nfd7
9. Nf3 Nc6 10. O-O Be7 11. g4 Qc7 12. Bd2 O-O 13. Rae1 Nd4 14. Qd1 Rac8 15. Ne2
Nxf3+ 16. Bxf3 b4 17. c3 a5 18. Ng3 Rfe8 19. Qe2 Bf8 20. c4 g6 21. b3 Rcd8 22.
Rd1 Nb8 23. Be3 Be7 24. g5 Nc6 25. h4 h5 26. Qg2 Bf8 27. Rc1 Ne7 28. Rc2 Nf5
29. Nxf5 gxf5 30. Qe2 dxc4 31. dxc4 Bxf3 32. Qxf3 Rd3 33. Kf2 Red8 34. Qxh5 Qd7
35. g6 fxg6 36. Qxg6+ Bg7 37. Re1 a4 38. h5 axb3 39. axb3 Qf7 40. Qxf7+ Kxf7
41. Rb1 Bh6 42. Bxc5 Bxf4 43. Bd6 Rh3 44. Re2 Rg8 45. Rf1 Rxb3 46. Rc2 Be3+ 47.
Ke1 Rb1+ 48. Ke2 Rxf1 49. Kxf1 b3 50. Rc3 b2 51. Rb3 Rg1+ 52. Ke2 f4 53. Rb7+
Kg8 54. Rb8+ Kh7 55. Rb7+ Kh6 56. Bf8+ Kxh5 57. Rh7+ Kg6 58. Rg7+ Kf5 0-1

[Event "XV Festival A"]
[Site "Cesenatico ITA"]
[Date "2011.09.06"]
[Round "4"]
[White "Sveshnikov, Vladimir"]
[Black "Friedrich, Norbert"]
[WhiteElo "2412"]
[BlackElo "2311"]
[Result "1-0"]
[PlyCount "59"]
[EventDate "2011.09.03"]

1. e4 c5 2. Nf3 e6 3. c3 Nf6 4. e5 Nd5 5. d4 cxd4 6. cxd4 d6 7. a3 Bd7 8. Bd3
Bc6 9. O-O Nd7 10. b4 a6 11. Re1 Rc8 12. Bb2 N7b6 13. Nbd2 Na4 14. Qb3 Ndc3 15.
Bxc3 Nxc3 16. Rac1 Bd5 17. Bc4 Bxc4 18. Nxc4 Nd5 19. b5 Ra8 20. bxa6 b6 21. a4
Be7 22. Qb5+ Kf8 23. exd6 Bxd6 24. Nfe5 Bc7 25. Ne3 Bxe5 26. dxe5 Nxe3 27. Rxe3
g6 28. Rd3 Qg5 29. Rc7 Ra7 30. h4 1-0

[Event "XV Festival A"]
[Site "Cesenatico ITA"]
[Date "2011.09.06"]
[Round "5"]
[White "Cocchi, Andrea"]
[Black "Perich, Stefano"]
[WhiteElo "2297"]
[BlackElo "1931"]
[Result "1-0"]
[PlyCount "99"]
[EventDate "2011.09.03"]

1. Nf3 d5 2. d4 Nf6 3. c4 c6 4. e3 e6 5. Nbd2 Bd6 6. b3 Nbd7 7. Bb2 a6 8. Qc2
Qe7 9. Be2 Rb8 10. O-O O-O 11. Rad1 Re8 12. Ne5 Nf8 13. Bd3 Bd7 14. Ndf3 h6 15.
c5 Bc7 16. b4 Ra8 17. a4 Reb8 18. Rb1 Qe8 19. Bc3 Qc8 20. Rfc1 Be8 21. Rb2 N6d7
22. Ng4 f5 23. Nge5 Bh5 24. b5 axb5 25. axb5 Bd8 26. Rcb1 Bxf3 27. Nxf3 Bf6 28.
h3 g6 29. bxc6 bxc6 30. Rxb8 Rxb8 31. Rxb8 Nxb8 32. Qb3 Nfd7 33. Ba5 Kf7 34. g3
Be7 35. Kg2 e5 36. Nxe5+ Nxe5 37. dxe5 Nd7 38. f4 Nxc5 39. Qc2 Qb7 40. g4 Qb3
41. Qxb3 Nxb3 42. Bc3 Nc5 43. Bc2 Ke6 44. gxf5+ gxf5 45. Bb4 Nd7 46. Bxe7 Kxe7
47. Bxf5 c5 48. Bxd7 Kxd7 49. f5 c4 50. Kf2 1-0

[Event "XV Festival A"]
[Site "Cesenatico ITA"]
[Date "2011.09.06"]
[Round "5"]
[White "Danese, Aldo"]
[Black "Naumkin, Igor"]
[WhiteElo "1871"]
[BlackElo "2473"]
[Result "0-1"]
[PlyCount "82"]
[EventDate "2011.09.03"]

1. Nf3 Nf6 2. d3 d5 3. Bg5 c5 4. c3 Nc6 5. g3 e5 6. Nbd2 Be7 7. Bxf6 Bxf6 8.
Bg2 O-O 9. O-O Re8 10. Qc2 Be6 11. a3 Rc8 12. Rac1 Qd7 13. Rfe1 h6 14. c4 d4
15. Nf1 Bf5 16. N3d2 Be7 17. Rcd1 Bf8 18. Qb1 a5 19. f3 Bg6 20. g4 h5 21. h3
Be7 22. Nh2 Bh4 23. Rf1 Nd8 24. Ne4 Ne6 25. Qc2 Nf4 26. Qd2 f5 27. Nf2 Rc6 28.
Rb1 a4 29. Rfd1 Qc7 30. Nf1 e4 31. dxe4 fxe4 32. e3 Nxg2 33. Nxe4 Nxe3 34. Nxe3
dxe3 35. Qxe3 hxg4 36. hxg4 Bxe4 37. fxe4 Rce6 38. Qd3 Qf4 39. Rd2 Qxe4 40.
Rbd1 Qxg4+ 41. Rg2 Re1+ 0-1

[Event "XV Festival A"]
[Site "Cesenatico ITA"]
[Date "2011.09.06"]
[Round "5"]
[White "De Filomeno, Simone"]
[Black "Monducci, Mirko"]
[WhiteElo "2293"]
[BlackElo "1898"]
[Result "1-0"]
[PlyCount "105"]
[EventDate "2011.09.03"]

1. e4 e6 2. Nf3 d5 3. Nc3 dxe4 4. Nxe4 Nd7 5. g3 Ngf6 6. Nxf6+ Nxf6 7. Bg2 Bd6
8. d4 c6 9. O-O O-O 10. Qe2 Re8 11. Ne5 Nd7 12. Rd1 f6 13. Nc4 Bf8 14. Bd2 Qe7
15. Ba5 Nb8 16. a3 b6 17. Bb4 Qf7 18. Nd6 Bxd6 19. Bxd6 Bb7 20. a4 a6 21. Ra3
Nd7 22. Re3 b5 23. a5 e5 24. dxe5 fxe5 25. Bxe5 Nxe5 26. Rxe5 Rxe5 27. Qxe5 Re8
28. Qc5 Qe7 29. Qxe7 Rxe7 30. Kf1 Kf7 31. b4 Rc7 32. Rd3 Ke7 33. Rc3 Kd6 34.
Be4 h6 35. Ke2 Re7 36. Ke3 g5 37. Rc5 Re5 38. Kd4 Rxc5 39. bxc5+ Ke6 40. f4
gxf4 41. gxf4 Kf6 42. c3 Ke6 43. Ke3 Kf6 44. Kf3 Ke6 45. Kg4 Kf6 46. Kh5 Kg7
47. Bf5 Kf6 48. Bd7 Kg7 49. f5 Ba8 50. Bc8 Kh7 51. f6 Kg8 52. Kxh6 Kf7 53. Kg5
1-0

[Event "XV Festival A"]
[Site "Cesenatico ITA"]
[Date "2011.09.06"]
[Round "5"]
[White "Drei, Andrea"]
[Black "Dittmar, Peter"]
[WhiteElo "2260"]
[BlackElo "2305"]
[Result "1/2-1/2"]
[PlyCount "70"]
[EventDate "2011.09.03"]

1. e4 c5 2. c3 e6 3. d4 d5 4. exd5 exd5 5. Nf3 Nc6 6. Bb5 Bd6 7. dxc5 Bxc5 8.
O-O Nge7 9. Nbd2 O-O 10. Nb3 Bb6 11. Bd3 h6 12. Re1 Bg4 13. Be3 Re8 14. Bc2 Rc8
15. h3 Bh5 16. g4 Bg6 17. Nbd4 Be4 18. Qb1 Ng6 19. Nxc6 Rxc6 20. Bxb6 Rxb6 21.
Nd4 Qh4 22. Bxe4 Rxe4 23. Rxe4 dxe4 24. Qxe4 Qxh3 25. Re1 h5 26. Qe8+ Kh7 27.
gxh5 Nh4 28. Qe4+ f5 29. Re3 fxe4 30. Rxh3 Nf3+ 31. Nxf3 exf3 32. Rxf3 Rxb2 33.
Rf7 Rxa2 34. Rxb7 Rc2 35. Rxa7 Rxc3 1/2-1/2

[Event "XV Festival A"]
[Site "Cesenatico ITA"]
[Date "2011.09.06"]
[Round "5"]
[White "Fedorchuk, Sergey A."]
[Black "Petkov, Vladimir"]
[WhiteElo "2635"]
[BlackElo "2511"]
[Result "1/2-1/2"]
[PlyCount "27"]
[EventDate "2011.09.03"]

1. e4 e5 2. Nf3 Nc6 3. Bb5 Nf6 4. O-O Nxe4 5. Re1 Nd6 6. Nxe5 Be7 7. Bf1 Nf5 8.
c3 Nxe5 9. Rxe5 d6 10. Re1 O-O 11. d4 d5 12. Nd2 Bd6 13. Nf3 c6 14. Bd3 1/2-1/2

[Event "XV Festival A"]
[Site "Cesenatico ITA"]
[Date "2011.09.06"]
[Round "5"]
[White "Korneev, Oleg"]
[Black "Lotti, Fabio"]
[WhiteElo "2580"]
[BlackElo "1995"]
[Result "1-0"]
[PlyCount "55"]
[EventDate "2011.09.03"]

1. e4 c6 2. c4 d5 3. exd5 cxd5 4. cxd5 Nf6 5. Nc3 g6 6. Bc4 Bg7 7. Nf3 O-O 8.
O-O Nbd7 9. d3 Nb6 10. Qb3 a6 11. Re1 h6 12. a4 Nh5 13. Be3 Nd7 14. a5 Kh7 15.
h3 Qc7 16. d6 Qxd6 17. Ne4 Qb8 18. Bxf7 Ne5 19. Nxe5 Qxe5 20. Bd5 Nf4 21. Bxf4
Qxf4 22. Be6 Bxe6 23. Qxe6 Bxb2 24. Rab1 Bd4 25. Rxb7 Bxf2+ 26. Nxf2 Qxf2+ 27.
Kh1 Rf7 28. Qxf7+ 1-0

[Event "XV Festival A"]
[Site "Cesenatico ITA"]
[Date "2011.09.06"]
[Round "5"]
[White "Malik, Rosemarie"]
[Black "Galdunts, Sergey"]
[WhiteElo "1668"]
[BlackElo "2462"]
[Result "0-1"]
[PlyCount "56"]
[EventDate "2011.09.03"]

1. e4 c5 2. Nf3 g6 3. d4 cxd4 4. Nxd4 Bg7 5. c3 Nc6 6. Be3 Nf6 7. f3 O-O 8. Bc4
d5 9. exd5 Na5 10. Bb3 Nxd5 11. Bd2 e5 12. Nb5 Be6 13. O-O Qb6+ 14. Kh1 Qxb5
15. Na3 Qa6 16. c4 Nf4 17. Nb5 Rac8 18. Bxa5 Qxa5 19. Nc3 Rfd8 20. Qe1 Nd3 21.
Qe2 Bxc4 22. Bxc4 Rxc4 23. Ne4 Qc7 24. Nc3 Nxb2 25. Ne4 Rc2 26. Qe1 f5 27. Ng5
Rdd2 28. Rg1 Nd3 0-1

[Event "XV Festival A"]
[Site "Cesenatico ITA"]
[Date "2011.09.06"]
[Round "5"]
[White "Mrdja, Milan"]
[Black "Pipitone, Antonio"]
[WhiteElo "2402"]
[BlackElo "1971"]
[Result "1-0"]
[PlyCount "79"]
[EventDate "2011.09.03"]

1. e4 c5 2. Nf3 d6 3. d4 cxd4 4. Qxd4 Nc6 5. Bb5 Bd7 6. Bxc6 Bxc6 7. Nc3 e5 8.
Qd3 h6 9. O-O Nf6 10. a4 a6 11. Rd1 Be7 12. a5 O-O 13. Be3 Qd7 14. h3 Rac8 15.
Bb6 g5 16. Nh2 Kg7 17. Nf1 Nh5 18. Ne3 Nf4 19. Qf1 Kg6 20. Nf5 Rfe8 21. g3 Ne6
22. Qd3 Bb5 23. Nxe7+ Qxe7 24. Nxb5 axb5 25. c3 Rc4 26. Qxd6 Rxe4 27. Qd3 f5
28. Qxb5 g4 29. h4 Rc8 30. Rd7 Qf6 31. Qd5 Re2 32. Rxb7 Rxb2 33. Qd7 Rh8 34.
Rd1 f4 35. Rd6 fxg3 36. Rxe6 gxf2+ 37. Bxf2 Rxb7 38. Rxf6+ Kxf6 39. Qxb7 Re8
40. a6 1-0

[Event "XV Festival A"]
[Site "Cesenatico ITA"]
[Date "2011.09.06"]
[Round "5"]
[White "Sreeves, Clement"]
[Black "Roeder, Matthias"]
[WhiteElo "2204"]
[BlackElo "2398"]
[Result "0-1"]
[PlyCount "46"]
[EventDate "2011.09.03"]

1. e4 c5 2. Nf3 d6 3. d4 cxd4 4. Nxd4 Nf6 5. Nc3 a6 6. Be3 e5 7. Nb3 Be7 8. f3
Be6 9. Qd2 O-O 10. O-O-O Nbd7 11. g4 b5 12. Kb1 b4 13. Ne2 a5 14. g5 Ne8 15.
Nbc1 a4 16. Qxb4 d5 17. Qe1 d4 18. Bd2 Nd6 19. Ng3 Qb6 20. Nf5 Nxf5 21. exf5
Rfb8 22. Nd3 Bxf5 23. Bc1 Ba3 0-1

[Event "XV Festival A"]
[Site "Cesenatico ITA"]
[Date "2011.09.06"]
[Round "5"]
[White "Stella, Andrea"]
[Black "Giovannini, Roberto"]
[WhiteElo "2447"]
[BlackElo "1992"]
[Result "1-0"]
[PlyCount "157"]
[EventDate "2011.09.03"]

1. d4 d5 2. c4 c6 3. Nf3 Nf6 4. e3 a6 5. Bd3 Bg4 6. Nbd2 e6 7. b3 Nbd7 8. Bb2
Bd6 9. Qc2 Bxf3 10. Nxf3 Bb4+ 11. Nd2 O-O 12. O-O g6 13. Nf3 Re8 14. a3 Ba5 15.
e4 dxe4 16. Bxe4 Nxe4 17. Qxe4 Bc7 18. Rad1 Qf6 19. Rfe1 Rad8 20. Kf1 Bf4 21.
Ba1 Qf5 22. Qxf5 exf5 23. Rxe8+ Rxe8 24. d5 c5 25. Bc3 f6 26. g3 Bd6 27. Re1
Rxe1+ 28. Nxe1 Kf7 29. f4 Ke7 30. Nd3 Kf7 31. Ke2 Ke7 32. Be1 Kd8 33. Bf2 Kc7
34. Kd2 b6 35. Kc3 Be7 36. b4 Bd6 37. Kb3 Be7 38. Kc3 Bd6 39. Nc1 Be7 40. Nb3
Bd6 41. Be3 Bf8 42. bxc5 bxc5 43. Na5 Nb8 44. Kb3 Bd6 45. Ka4 Kb6 46. Bd2 Be7
47. Nb3 Nd7 48. Na5 Nb8 49. Kb3 Kc7 50. Kc2 Kb6 51. Kd3 Kc7 52. Bc3 Kb6 53. Nb3
Nd7 54. Nd2 Kb7 55. Ba5 Kc8 56. Nb1 Kb7 57. Nd2 Kc8 58. Nb3 Kb7 59. Kc2 Kc8 60.
Bd2 Kc7 61. h3 Kb6 62. Kd3 Kc7 63. Ke3 Kb6 64. Kf3 Kc7 65. Na5 Nb8 66. Bc3 Kb6
67. g4 fxg4+ 68. hxg4 Kc7 69. Ke4 Bd8 70. f5 g5 71. d6+ Kd7 72. Nb7 Bb6 73. Kd5
Nc6 74. Bxf6 h6 75. Nxc5+ Bxc5 76. Kxc5 h5 77. gxh5 g4 78. Bh4 Ne5 79. h6 1-0

[Event "XV Festival A"]
[Site "Cesenatico ITA"]
[Date "2011.09.06"]
[Round "5"]
[White "Sveshnikov, Evgeny E."]
[Black "Sveshnikov, Vladimir"]
[WhiteElo "2504"]
[BlackElo "2412"]
[Result "1/2-1/2"]
[PlyCount "27"]
[EventDate "2011.09.03"]

1. e4 c6 2. d4 d5 3. exd5 cxd5 4. Nf3 Nf6 5. c4 e6 6. Nc3 Bb4 7. cxd5 Nxd5 8.
Qc2 Nc6 9. Be2 O-O 10. O-O Nce7 11. a3 Bd6 12. Bd3 h6 13. Bh7+ Kh8 14. Be4
1/2-1/2

[Event "XV Festival A"]
[Site "Cesenatico ITA"]
[Date "2011.09.07"]
[Round "6"]
[White "Assiria, Enrico"]
[Black "Lain, Luigi"]
[WhiteElo "1616"]
[BlackElo "2234"]
[Result "1/2-1/2"]
[PlyCount "64"]
[EventDate "2011.09.03"]

1. e4 e5 2. Nf3 Nc6 3. Bb5 Nge7 4. O-O g6 5. d4 exd4 6. Nxd4 Bg7 7. c3 O-O 8.
Be3 d5 9. exd5 Ne5 10. Na3 Nxd5 11. Nac2 Nxe3 12. Nxe3 c5 13. Nb3 Qb6 14. Be2
Be6 15. Qc2 f5 16. Nd2 Qc7 17. Ndc4 f4 18. Nxe5 Bxe5 19. Nc4 f3 20. Nxe5 Qxe5
21. Bxf3 Rxf3 22. Rfe1 Qf5 23. Qxf5 Rxf5 24. Rxe6 Rd8 25. Re2 Rfd5 26. f3 Rd2
27. Rae1 R8d7 28. Kf2 Kf7 29. Rxd2 Rxd2+ 30. Re2 Rd1 31. Re1 Rd2+ 32. Re2 Rd1
1/2-1/2

[Event "XV Festival A"]
[Site "Cesenatico ITA"]
[Date "2011.09.07"]
[Round "6"]
[White "Barletta, Mauro"]
[Black "Virzi, Ettore"]
[WhiteElo "2235"]
[BlackElo "1951"]
[Result "1-0"]
[PlyCount "55"]
[EventDate "2011.09.03"]

1. Nf3 Nf6 2. c4 g6 3. Nc3 d5 4. cxd5 Nxd5 5. e4 Nxc3 6. dxc3 Qxd1+ 7. Kxd1 Bg7
8. Bf4 c5 9. Kc2 Nc6 10. Bb5 Bd7 11. Be3 b6 12. a4 a6 13. Be2 Na5 14. Nd2 O-O
15. Nb3 Nxb3 16. Kxb3 Rfc8 17. Rhd1 Be6+ 18. Kc2 a5 19. Bb5 Be5 20. Bd7 Rd8 21.
Bxe6 fxe6 22. f4 Bc7 23. Kb3 Kf7 24. Kc4 Rxd1 25. Rxd1 Rd8 26. Rxd8 Bxd8 27.
Kb5 e5 28. Kc6 1-0

[Event "XV Festival A"]
[Site "Cesenatico ITA"]
[Date "2011.09.07"]
[Round "6"]
[White "Dittmar, Peter"]
[Black "Di Trapani, Davide"]
[WhiteElo "2305"]
[BlackElo "2024"]
[Result "1-0"]
[PlyCount "91"]
[EventDate "2011.09.03"]

1. c4 e5 2. g3 Nf6 3. Bg2 d5 4. cxd5 Nxd5 5. Nf3 Nc6 6. O-O Nb6 7. d3 Be7 8.
Nbd2 O-O 9. b3 Be6 10. Bb2 f6 11. Rc1 Qd7 12. a3 a5 13. Rc2 Rfe8 14. Qa1 Rad8
15. Rfc1 Bd5 16. Nc4 Bf8 17. Bc3 a4 18. Nxb6 cxb6 19. bxa4 Ra8 20. Nd2 Rxa4 21.
Bxd5+ Qxd5 22. Nc4 Ra6 23. Qb1 Bc5 24. Rb2 Qd8 25. e3 Re7 26. Bb4 Bxb4 27. axb4
b5 28. Nd2 Qd6 29. Ne4 Qd8 30. Nc5 Ra8 31. Nxb7 Rxb7 32. Rxc6 Rba7 33. Qc2 Ra1+
34. Kg2 Qd5+ 35. e4 Qd7 36. Qb3+ Kf8 37. Rbc2 R1a3 38. Rc8+ Rxc8 39. Rxc8+ Qxc8
40. Qxa3 Qd7 41. Qc3 h5 42. h4 Ke7 43. Kf3 g5 44. hxg5 Qg4+ 45. Kg2 h4 46. Qc7+
1-0

[Event "XV Festival A"]
[Site "Cesenatico ITA"]
[Date "2011.09.07"]
[Round "6"]
[White "Mastrolonardo, Francesco"]
[Black "Drei, Andrea"]
[WhiteElo "1719"]
[BlackElo "2260"]
[Result "0-1"]
[PlyCount "64"]
[EventDate "2011.09.03"]

1. e4 c5 2. Nf3 a6 3. d4 cxd4 4. Nxd4 Nf6 5. Nc3 e5 6. Nf5 d5 7. Bg5 d4 8. Ne2
h6 9. Bxf6 Qxf6 10. Nfg3 Nc6 11. a3 h5 12. h4 Be6 13. Nc1 g6 14. Bd3 Qd8 15.
Nge2 Be7 16. g3 Rc8 17. Na2 Bg4 18. c4 f5 19. Qc2 O-O 20. b4 Kg7 21. Ng1 f4 22.
Ne2 fxg3 23. fxg3 a5 24. c5 Nb8 25. Qa4 axb4 26. axb4 b6 27. cxb6 Qxb6 28. Qa5
Qf6 29. Kd2 Nc6 30. Qa4 Qf3 31. Qb3 Qe3+ 32. Ke1 Bxe2 0-1

[Event "XV Festival A"]
[Site "Cesenatico ITA"]
[Date "2011.09.07"]
[Round "6"]
[White "Naumkin, Igor"]
[Black "Mrdja, Milan"]
[WhiteElo "2473"]
[BlackElo "2402"]
[Result "1-0"]
[PlyCount "63"]
[EventDate "2011.09.03"]

1. d4 d5 2. c4 dxc4 3. Nf3 Nf6 4. e3 e6 5. Bxc4 a6 6. O-O c5 7. a4 Nc6 8. Qe2
cxd4 9. Rd1 Be7 10. exd4 O-O 11. Nc3 Nb4 12. Bg5 Nbd5 13. Ne5 Nxc3 14. bxc3 Nd5
15. Bd2 Bd6 16. Bd3 Qc7 17. c4 Ne7 18. Qh5 g6 19. Qh4 Nf5 20. Bxf5 exf5 21. Bh6
Be7 22. Qg3 Re8 23. Nxg6 Qxg3 24. Nxe7+ Rxe7 25. hxg3 f6 26. a5 Bd7 27. Rab1
Ba4 28. Rdc1 Rc8 29. Rb6 Kf7 30. Bf4 Rc6 31. Rb4 Bb5 32. Kh2 1-0

[Event "XV Festival A"]
[Site "Cesenatico ITA"]
[Date "2011.09.07"]
[Round "6"]
[White "Petkov, Vladimir"]
[Black "Cocchi, Andrea"]
[WhiteElo "2511"]
[BlackElo "2297"]
[Result "1-0"]
[PlyCount "81"]
[EventDate "2011.09.03"]

1. d4 e6 2. c4 f5 3. g3 Nf6 4. Bg2 Bb4+ 5. Bd2 Bxd2+ 6. Qxd2 O-O 7. Nc3 d6 8.
Nh3 Qe7 9. Nf4 c6 10. d5 exd5 11. cxd5 Ne4 12. Nxe4 fxe4 13. dxc6 bxc6 14. O-O
Na6 15. Qc2 d5 16. Qxc6 Bb7 17. Qe6+ Qxe6 18. Nxe6 Rfc8 19. Rac1 Kf7 20. Bh3
Kf6 21. Nd4 Rxc1 22. Rxc1 Ke5 23. e3 Rf8 24. a3 Rf7 25. Nb5 Nb8 26. Nxa7 Ba8
27. Nb5 Nc6 28. Rc5 Bb7 29. Nc3 Nd8 30. b4 g5 31. Bc8 Bxc8 32. Rxd5+ Ke6 33.
Rxd8 Rc7 34. Nb5 Rc1+ 35. Kg2 Ke7 36. Rd5 Be6 37. Rxg5 Bc4 38. g4 h6 39. Re5+
Kf6 40. Rf5+ Kg6 41. Nd4 1-0

[Event "XV Festival A"]
[Site "Cesenatico ITA"]
[Date "2011.09.07"]
[Round "6"]
[White "Stella, Andrea"]
[Black "De Filomeno, Simone"]
[WhiteElo "2447"]
[BlackElo "2293"]
[Result "1/2-1/2"]
[PlyCount "124"]
[EventDate "2011.09.03"]

1. d4 d5 2. c4 e6 3. Nf3 Nf6 4. e3 c5 5. Nc3 Nc6 6. a3 a6 7. dxc5 Bxc5 8. b4
Ba7 9. Bb2 O-O 10. Be2 dxc4 11. Bxc4 b5 12. Bd3 Bb7 13. O-O h6 14. Ne4 Nxe4 15.
Bxe4 Na5 16. Bxb7 Nxb7 17. Ne5 Rc8 18. Qf3 Nd6 19. Nc6 Qd7 20. Nxa7 Qxa7 21.
Bxg7 Kxg7 22. Qg3+ Kh7 23. Qxd6 Rfd8 24. Qf4 Rc4 25. Qf3 Rd2 26. Rad1 Ra2 27.
Qf6 Rc8 28. Rd4 Rg8 29. Rfd1 Qb7 30. g3 Rg6 31. Qf4 e5 32. Qxe5 Qf3 33. Rf1 Rf6
34. Qe4+ Qxe4 35. Rxe4 Rxa3 36. Rd1 Ra2 37. Rf4 Rxf4 38. gxf4 Ra4 39. Rd6 Rxb4
40. Rxa6 Kg7 41. Kg2 f5 42. Rb6 Rb2 43. Kg3 b4 44. h4 h5 45. Kf3 Rb1 46. Ke2
Rb2+ 47. Kd3 Rxf2 48. Rxb4 Rh2 49. Kd4 Rxh4 50. Ke5 Rh3 51. Rb7+ Kg6 52. Rb6+
Kg7 53. Rb7+ Kg6 54. e4 fxe4 55. f5+ Kh6 56. Rb6+ Kg7 57. Rb7+ Kh6 58. Kxe4 Ra3
59. Rb6+ Kg7 60. Kf4 Kf7 61. Kg5 Rg3+ 62. Kxh5 Rg1 1/2-1/2

[Event "XV Festival A"]
[Site "Cesenatico ITA"]
[Date "2011.09.07"]
[Round "6"]
[White "Sveshnikov, Vladimir"]
[Black "Fedorchuk, Sergey A."]
[WhiteElo "2412"]
[BlackElo "2635"]
[Result "1/2-1/2"]
[PlyCount "144"]
[EventDate "2011.09.03"]

1. e4 a6 2. d4 e6 3. Nf3 d6 4. Bd3 Nd7 5. O-O h6 6. Nc3 Ne7 7. e5 b5 8. a4 b4
9. Ne4 d5 10. Ng3 c5 11. c3 c4 12. Bb1 Nc6 13. Be3 Qa5 14. cxb4 Qxb4 15. Ra2
Rb8 16. Bd2 Qb3 17. Qc1 a5 18. Bc3 Qb6 19. Qf4 g6 20. h4 Bg7 21. h5 g5 22. Qe3
Ba6 23. Ra1 g4 24. Nh2 Ndxe5 25. Ne2 Nd3 26. Nxg4 Ne7 27. Bxd3 cxd3 28. Ng3 f5
29. Ne5 O-O 30. f4 Nc6 31. Nxc6 Qxc6 32. Rfe1 Kf7 33. Nh1 Bf6 34. g3 Rg8 35.
Kh2 Rg7 36. Nf2 Rbg8 37. Rg1 Qc4 38. Rae1 Re8 39. Rd1 Qxa4 40. Nxd3 Bxd3 41.
Qxd3 Kg8 42. Ra1 Qd7 43. Rxa5 Qf7 44. Kg2 Bh4 45. Kf1 Bd8 46. Ra8 Qxh5 47. Qe2
Rg4 48. Ba5 Bxa5 49. Qxe6+ Kh7 50. Rxe8 Rxf4+ 51. Kg2 Qf3+ 52. Kh2 Rh4+ 53.
gxh4 Bc7+ 54. Qe5 Bxe5+ 55. dxe5 Qf2+ 56. Rg2 Qxh4+ 57. Kg1 d4 58. e6 d3 59. e7
Qd4+ 60. Kh2 Qe5+ 61. Kh1 Qe1+ 62. Kh2 Qh4+ 63. Kg1 Qd4+ 64. Kh2 Qd6+ 65. Kh1
Qe5 66. Rd8 Qxe7 67. Rxd3 h5 68. Rf3 Qe4 69. Rgf2 Kg6 70. Kg1 Qe1+ 71. Kg2 Qe4
72. Kg1 Qe1+ 1/2-1/2

[Event "XV Festival A"]
[Site "Cesenatico ITA"]
[Date "2011.09.07"]
[Round "6"]
[White "Viola, Mario"]
[Black "Friedrich, Norbert"]
[WhiteElo "1988"]
[BlackElo "2311"]
[Result "0-1"]
[PlyCount "100"]
[EventDate "2011.09.03"]

1. d4 d5 2. Nf3 Nf6 3. e3 c5 4. c3 e6 5. Nbd2 Nc6 6. Bd3 Bd6 7. O-O O-O 8. e4
cxd4 9. cxd4 dxe4 10. Nxe4 Be7 11. Be3 Nd5 12. Nc3 Ncb4 13. Bb1 b6 14. a3 Nxc3
15. bxc3 Nd5 16. Qd3 g6 17. Bd2 Bb7 18. Re1 Rc8 19. Ne5 Bg5 20. c4 Nf4 21. Bxf4
Bxf4 22. g3 Bxe5 23. Rxe5 Qc7 24. Ba2 Rfd8 25. Rae1 Ba6 26. d5 exd5 27. Rxd5
Rxd5 28. Qxd5 Bb7 29. Qd3 Rd8 30. Qe3 Qc6 31. f3 Qxf3 32. Qxf3 Bxf3 33. Re3
Rd1+ 34. Kf2 Bg4 35. Bb3 Rd2+ 36. Kg1 Bh3 37. Rc3 Rg2+ 38. Kh1 Rb2 39. Bc2 Ra2
40. Kg1 Ra1+ 41. Kf2 Rc1 42. Ke3 Bf5 43. Kd2 Rxc2+ 44. Rxc2 Bxc2 45. Kxc2 Kf8
46. Kc3 Ke7 47. Kb4 Kd6 48. Kb5 f5 49. Ka6 g5 50. a4 f4 0-1

[Event "XV Festival A"]
[Site "Cesenatico ITA"]
[Date "2011.09.07"]
[Round "6"]
[White "Xia, Jie"]
[Black "Elbert, Gebhard"]
[WhiteElo "2249"]
[BlackElo "1992"]
[Result "1-0"]
[PlyCount "113"]
[EventDate "2011.09.03"]

1. e4 Nf6 2. Nc3 d5 3. e5 Nfd7 4. f4 e6 5. d4 c5 6. Nf3 a6 7. Be3 Nc6 8. Be2
Qb6 9. a3 Qc7 10. Qd2 b6 11. O-O Bb7 12. Kh1 g6 13. Na2 Bg7 14. b4 c4 15. Nc3
Ne7 16. b5 a5 17. Na4 h5 18. Bf2 Nf5 19. g3 Bf8 20. Kg2 Be7 21. h3 O-O-O 22.
Rh1 Rdg8 23. g4 Ng7 24. Qe3 Kb8 25. Rab1 Qd8 26. Be1 hxg4 27. hxg4 Rxh1 28.
Kxh1 Rh8+ 29. Kg2 Rh7 30. Bg3 Qh8 31. Ng5 Bxg5 32. fxg5 Ne8 33. Bf3 Nc7 34. Qc3
Qd8 35. Bf4 Qh8 36. Bg3 Ka7 37. Nc5 Qc8 38. a4 Na8 39. Nxd7 Qxd7 40. Qa3 Qd8
41. Qd6 Qxd6 42. exd6 Bc8 43. Kf2 Bd7 44. Bg2 Kb7 45. Ke3 Kc8 46. Kf4 Be8 47.
Ke5 Kd7 48. Kf6 Kd8 49. Re1 Bd7 50. c3 Be8 51. Rh1 Rxh1 52. Bxh1 Kd7 53. Bf3
Kd8 54. Bd1 Kd7 55. Be5 Kd8 56. Kg7 f5 57. gxf6 1-0

[Event "XV Festival A"]
[Site "Cesenatico ITA"]
[Date "2011.09.08"]
[Round "7"]
[White "Bemporad, Filippo"]
[Black "Wlodarczyk, Robert"]
[WhiteElo "2093"]
[BlackElo "2264"]
[Result "1/2-1/2"]
[PlyCount "112"]
[EventDate "2011.09.03"]

1. d4 Nf6 2. Nf3 e6 3. g3 c5 4. c4 d5 5. cxd5 exd5 6. Bg2 Nc6 7. O-O Be7 8. Nc3
O-O 9. b3 Bg4 10. Bb2 cxd4 11. Nb5 Qd7 12. Nbxd4 Bh3 13. Nxc6 bxc6 14. Ne5 Qe6
15. Nxc6 Bxg2 16. Nxe7+ Qxe7 17. Kxg2 Rad8 18. Qd3 Rfe8 19. Rfe1 Ne4 20. Rad1
Qe6 21. h4 f5 22. e3 Rd7 23. Rc1 Qd6 24. Rc2 h6 25. Rec1 Re6 26. Qd4 Rde7 27.
Rc6 Qxc6 28. Rxc6 Rxc6 29. Qxd5+ Rce6 30. Qxf5 Kh8 31. Qf8+ Kh7 32. Qf5+ Kg8
33. Qd5 Kh7 34. Bd4 Nf6 35. Qf5+ Kg8 36. b4 Rc6 37. b5 Rc1 38. a4 Ne4 39. Qd5+
Kh7 40. Qb3 Rf1 41. Qc2 Rxf2+ 42. Qxf2 Nxf2 43. Kxf2 Kg6 44. g4 h5 45. Kg3 hxg4
46. Kxg4 Re4+ 47. Kg3 Kf5 48. Kf3 Re7 49. a5 g5 50. hxg5 Kxg5 51. a6 Kf5 52. b6
axb6 53. Bxb6 Re4 54. Bd4 Re6 55. a7 Ra6 56. e4+ Ke6 1/2-1/2

[Event "XV Festival A"]
[Site "Cesenatico ITA"]
[Date "2011.09.08"]
[Round "7"]
[White "Cocchi, Andrea"]
[Black "Bossoni, Mario"]
[WhiteElo "2297"]
[BlackElo "1932"]
[Result "1-0"]
[PlyCount "43"]
[EventDate "2011.09.03"]

1. e4 c5 2. b3 d6 3. Bb2 e6 4. Nf3 a6 5. d4 cxd4 6. Nxd4 Nf6 7. Nc3 Be7 8. g4
Qa5 9. Qd2 Nc6 10. Nxc6 bxc6 11. Be2 h5 12. g5 Ng4 13. f4 Qb6 14. Nd1 e5 15. h3
exf4 16. hxg4 Bxg5 17. Qxd6 Be6 18. Bd4 Qb7 19. Bxg7 Rg8 20. Rxh5 Rd8 21. Qe5
Qb6 22. Kf1 1-0